| 000 | 00367nam a2200157Ia 4500 | ||
|---|---|---|---|
| 003 | OSt | ||
| 005 | 20231130071829.0 | ||
| 008 | 170524s9999 xx 000 0 und d | ||
| 020 | _a9788187325581 | ||
| 040 | _cIIMT UNIVERSITY | ||
| 100 | _aKhanna O P | ||
| 245 | 0 | _aIndustrial Engineering and management | |
| 260 | _bDhanpat Rai | ||
| 260 | _c2009 | ||
| 942 |
_2ddc _c02 |
||
| 999 |
_c5544 _d5544 |
||